[Event "TCh-ESP Div 1 2016"]
[Site "Linares ESP"]
[Date "2016.08.25"]
[Round "6"]
[Board "4"]
[White "Garcia Trobat, Francisco"]
[Black "Pardo Simon, David"]
[Result "0-1"]
[WhiteTitle "FM"]
[BlackTitle "IM"]
[WhiteElo "2238"]
[BlackElo "2492"]
[WhiteTeam "C.A. SILLA"]
[BlackTeam "CAC BENIAJAN - DUOCHESS"]
[WhiteFideId "2200678"]
[BlackFideId "2296276"]
[EventDate "2016.08.20"]

1. d4 f5 2. g3 Nf6 3. Bg2 g6 4. c4 Bg7 5. Nc3 O-O 6. Nf3 d6 7. O-O c6 8. Qb3 Kh8
9. Rd1 Qc7 10. c5 dxc5 11. Ne5 cxd4 12. Bf4 Qb6 13. Nf7+ Rxf7 14. Qxf7 dxc3 15.
Be5 Nbd7 16. Bxc3 Qd8 17. e4 Qe8 18. Qc4 fxe4 19. Bxe4 Nxe4 20. Bxg7+ Kxg7 21.
Qxe4 Nf6 22. Qe5 Kf7 23. Rd4 Be6 24. Re1 Bd5 25. g4 h6 26. h4 Qd7 27. Rf4 g5 28.
hxg5 hxg5 29. Qxg5 Rh8 30. f3 Qd6 31. Qe5 Rh4 32. a3 Qxe5 33. Rxe5 e6 34. Re2
Kg6 35. Rh2 Rxh2 36. Kxh2 e5 37. Rf5 e4 38. fxe4 Nxg4+ 39. Kg3 Nf6 40. Kf4 Nxe4
41. Rf8 Nc5 42. Rb8 Nd3+ 43. Ke3 Nxb2 44. Rxb7 Nc4+ 45. Kd4 Nxa3 46. Kc5 a5 47.
Ra7 Nc4 48. Ra6 Nd2 49. Kd4 Kf5 50. Kc3 Ne4+ 51. Kd4 Ke6 52. Rxa5 Kd6 53. Ra1
c5+ 54. Ke3 Kc6 55. Kd3 c4+ 56. Kd4 Nc5 57. Kc3 Kb5 58. Rb1+ Nb3 59. Rg1 Kc5 60.
Rg4 Nc1 61. Rg7 Ne2+ 62. Kd2 Nd4 63. Rc7+ Kb4 64. Rc8 Nb3+ 65. Kc2 Be4+ 66. Kb2
Nc5 67. Rb8+ Bb7 68. Kc2 c3 69. Kc1 Kc4 70. Rh8 Kb3 71. Rd8 Be4 72. Rb8+ Kc4 73.
Rc8 Bf5 74. Rc7 Kb5 75. Kd1 Kb6 0-1

[Event "TCh-ESP Div 1 2016"]
[Site "Linares ESP"]
[Date "2016.08.26"]
[Round "7"]
[Board "1"]
[White "Petkov, Vladimir"]
[Black "Granda Zuniga, Julio E"]
[Result "1/2-1/2"]
[WhiteTitle "GM"]
[BlackTitle "GM"]
[WhiteElo "2497"]
[BlackElo "2672"]
[WhiteTeam "C.A. SILLA"]
[BlackTeam "AJEDREZ COLLADO VILLALBA"]
[WhiteFideId "2901188"]
[BlackFideId "3800024"]
[EventDate "2016.08.20"]

1. Nf3 Nf6 2. g3 d5 3. Bg2 c6 4. O-O Bg4 5. d4 e6 6. Nbd2 Be7 7. c3 O-O 8. Re1
a5 9. a4 c5 10. Ne5 Bh5 11. Qb3 Ra6 12. dxc5 Bxc5 13. Nd3 Ba7 14. Nf4 Bg6 15.
Nxg6 fxg6 16. Rf1 Rb6 17. Qc2 Rc6 18. Nf3 Nbd7 19. Ra3 Ne4 20. e3 Qf6 21. Qe2
Rcc8 22. Nd4 Ne5 23. Rb3 Nc5 24. Rb5 Nc4 25. Bh3 Rfe8 26. Nb3 Nd6 27. Nxc5 Bxc5
28. Rb3 b5 29. Rxb5 Nxb5 30. Qxb5 Qd8 31. Rd1 Qb6 32. Qxb6 Bxb6 33. Bf1 Kf7 34.
Bb5 Red8 35. Kg2 e5 36. h4 e4 37. Bd2 Kf6 38. Rh1 h5 39. Be1 g5 40. hxg5+ Kxg5
41. Rh4 g6 42. c4 d4 43. exd4 Rxd4 44. Bc3 Rdxc4 45. Bd2+ Kf5 46. Rf4+ Ke5 47.
Bxc4 Rxc4 48. Bc3+ Bd4 49. Bxa5 Rxa4 50. Bd8 Ra6 51. b4 Kd5 52. g4 Be5 53. Rf8
hxg4 54. b5 Ra2 55. Bb6 Rb2 56. Rd8+ Kc4 57. Rc8+ Kd3 58. Rd8+ Kc4 59. Rc8+ Kd5
60. Rd8+ Ke6 61. Re8+ Kf6 62. Bd8+ Kf5 63. Rf8+ Ke6 64. Re8+ Kd5 65. b6 e3 66.
Bc7 Bd4 67. b7 Rxb7 68. fxe3 Rxc7 69. exd4 1/2-1/2

[Event "TCh-ESP Div 1 2016"]
[Site "Linares ESP"]
[Date "2016.08.26"]
[Round "7"]
[Board "2"]
[White "Vazquez Igarza, Renier"]
[Black "Oliva Castaneda, Kevel"]
[Result "1/2-1/2"]
[WhiteTitle "GM"]
[BlackTitle "IM"]
[WhiteElo "2589"]
[BlackElo "2491"]
[WhiteTeam "AJEDREZ COLLADO VILLALBA"]
[BlackTeam "C.A. SILLA"]
[WhiteFideId "3503054"]
[BlackFideId "3500799"]
[EventDate "2016.08.20"]

1. d4 d5 2. c4 c6 3. Nc3 Nf6 4. e3 Bf5 5. Nf3 a6 6. Be2 h6 7. O-O e6 8. Bd3 Bxd3
9. Qxd3 Bb4 10. Bd2 O-O 11. Rfd1 Ba5 12. b3 Nbd7 13. Rac1 Re8 14. Be1 Rc8 15.
Qe2 Ne4 16. Nxe4 dxe4 17. Ne5 Bxe1 18. Qxe1 Qc7 19. Nxd7 Qxd7 20. Qa5 Qc7 21.
Qe5 f5 22. Rd2 Kf7 23. Rcd1 Red8 24. Qc5 Qe7 25. Qe5 Qc7 26. Qc5 Qe7 27. Qe5 Qc7
28. Qc5 Qe7 29. Qe5 Qc7 30. Qc5 Qe7 1/2-1/2

[Event "TCh-ESP Div 1 2016"]
[Site "Linares ESP"]
[Date "2016.08.26"]
[Round "7"]
[Board "3"]
[White "Granero Roca, Antonio"]
[Black "Moreno Ruiz, Javier"]
[Result "0-1"]
[WhiteTitle "IM"]
[BlackTitle "IM"]
[WhiteElo "2417"]
[BlackElo "2438"]
[WhiteTeam "C.A. SILLA"]
[BlackTeam "AJEDREZ COLLADO VILLALBA"]
[WhiteFideId "2210509"]
[BlackFideId "2203146"]
[EventDate "2016.08.20"]

1. d4 Nf6 2. c4 g6 3. Nc3 d5 4. cxd5 Nxd5 5. e4 Nxc3 6. bxc3 Bg7 7. Bc4 c5 8.
Ne2 Nc6 9. d5 Na5 10. Bb5+ Bd7 11. Bd3 e6 12. O-O O-O 13. Be3 b6 14. Rb1 exd5
15. exd5 c4 16. Be4 Re8 17. Bf3 Bf5 18. Rc1 Be4 19. Nf4 Bxf3 20. Qxf3 Qd6 21.
Rfd1 Rad8 22. g3 Nb7 23. Bd4 Nc5 24. Bxg7 Kxg7 25. Rd4 b5 26. h4 h6 27. Rc2 Re1+
28. Kg2 Rde8 29. Rd1 Rxd1 30. Qxd1 Nd3 31. Rd2 Re1 32. Qg4 f5 33. Qf3 Ne5 34.
Ne6+ Qxe6 35. dxe6 Rg1+ 0-1

[Event "TCh-ESP Div 1 2016"]
[Site "Linares ESP"]
[Date "2016.08.26"]
[Round "7"]
[Board "4"]
[White "Martin Duque, Jesus"]
[Black "Garcia Trobat, Francisco"]
[Result "0-1"]
[WhiteTitle "FM"]
[BlackTitle "FM"]
[WhiteElo "2301"]
[BlackElo "2238"]
[WhiteTeam "AJEDREZ COLLADO VILLALBA"]
[BlackTeam "C.A. SILLA"]
[WhiteFideId "2208954"]
[BlackFideId "2200678"]
[EventDate "2016.08.20"]

1. e4 c5 2. Nf3 d6 3. Bb5+ Bd7 4. Bxd7+ Qxd7 5. c4 g6 6. d4 cxd4 7. Nxd4 Nf6 8.
Nc3 Bg7 9. f3 O-O 10. Be3 Nc6 11. O-O Rac8 12. b3 e6 13. Rc1 d5 14. Nxc6 bxc6
15. e5 Ne8 16. f4 f6 17. cxd5 cxd5 18. exf6 Nxf6 19. Bd4 Nh5 20. g3 Qd6 21. Qd3
Qa3 22. Rc2 Bxd4+ 23. Qxd4 Qc5 24. Qxc5 Rxc5 25. Rcc1 Rfc8 26. Ne2 Rc2 27. Rxc2
Rxc2 28. Nd4 Rxa2 29. Nxe6 Re2 30. f5 gxf5 31. Nd4 Rd2 32. Nxf5 Nf6 33. Ra1 d4
34. Rxa7 d3 35. Ra8+ Kf7 36. Nd6+ Ke6 37. Nc4 Rc2 38. Ra6+ Ke7 39. Ra7+ Kd8 40.
Kf1 Ne4 41. Rxh7 Rc1+ 42. Kg2 Rxc4 43. bxc4 d2 44. Rh4 d1=Q 45. Rxe4 Qc2+ 46.
Kf3 Qxh2 47. Rh4 Qc2 48. Rf4 Ke7 49. c5 Qxc5 50. Kg2 Qc2+ 51. Kf3 Ke6 52. Rh4
Qd3+ 53. Kf2 Kf5 54. Rf4+ Kg5 55. Rh4 Qa3 56. Rf4 Qa2+ 57. Kf3 Qh2 58. Rg4+ Kf5
59. Rf4+ Ke5 60. Re4+ Kd5 61. Rh4 Qg1 62. Rf4 Qf1+ 63. Kg4 Qg2 64. Kh4 Ke5 65.
Kg4 Qh2 66. Kf3 Qg1 67. Re4+ Kd5 68. Rh4 Qf1+ 69. Ke3 Qg2 70. Rg4 Ke5 71. Rg8
Qe4+ 72. Kf2 Qd4+ 73. Ke1 Qa1+ 0-1

[Event "TCh-ESP Div 1 2016"]
[Site "Linares ESP"]
[Date "2016.08.26"]
[Round "7"]
[Board "1"]
[White "Rakhmanov, Aleksandr"]
[Black "Grandelius, Nils"]
[Result "1/2-1/2"]
[WhiteTitle "GM"]
[BlackTitle "GM"]
[WhiteElo "2641"]
[BlackElo "2641"]
[WhiteTeam "ESCOLA D'ESCACS DE BARCELONA"]
[BlackTeam "CAC BENIAJAN - DUOCHESS"]
[WhiteFideId "4173708"]
[BlackFideId "1710400"]
[EventDate "2016.08.20"]

1. d4 Nf6 2. Bf4 d5 3. e3 e6 4. c3 Bd6 5. Nd2 O-O 6. Bd3 Bxf4 7. exf4 c5 8. Ngf3
cxd4 9. Nxd4 Qc7 10. Ne2 b6 11. O-O Ba6 12. Nf3 Bxd3 13. Qxd3 Nc6 14. Rfe1 Rab8
15. Nfd4 Nxd4 16. Qxd4 Qc5 17. Rad1 Rfc8 18. a3 Qxd4 19. Nxd4 g6 20. f3 Nh5 21.
Ne2 Rc4 22. Rd4 Rxd4 23. cxd4 Rc8 24. g4 Nf6 25. Rc1 Rxc1+ 26. Nxc1 Ne8 27. Kf2
Nd6 28. a4 Kf8 29. Ke2 Ke7 30. Kd3 Nc4 1/2-1/2

[Event "TCh-ESP Div 1 2016"]
[Site "Linares ESP"]
[Date "2016.08.26"]
[Round "7"]
[Board "2"]
[White "Mchedlishvili, Mikheil"]
[Black "Peralta, Fernando"]
[Result "1/2-1/2"]
[WhiteTitle "GM"]
[BlackTitle "GM"]
[WhiteElo "2609"]
[BlackElo "2587"]
[WhiteTeam "CAC BENIAJAN - DUOCHESS"]
[BlackTeam "ESCOLA D'ESCACS DE BARCELONA"]
[WhiteFideId "13600966"]
[BlackFideId "105309"]
[EventDate "2016.08.20"]

1. e4 e6 2. d4 d5 3. exd5 exd5 4. Nf3 Nf6 5. Bd3 Bd6 6. Qe2+ Be7 7. O-O O-O 8.
Bg5 Bg4 9. Re1 Nc6 10. c3 Re8 11. Nbd2 h6 12. Bxf6 Bxf6 13. Qf1 Qd6 14. Rxe8+
Rxe8 15. Re1 Rxe1 16. Qxe1 Kf8 17. Qd1 Ne7 18. h3 Bd7 19. Qe2 Nc6 20. Nf1 g6 21.
Ne3 h5 22. Qc2 Ne7 23. Qe2 b6 24. Nf1 c5 25. dxc5 bxc5 26. c4 dxc4 27. Bxc4 Nf5
28. b3 Bc6 29. N1d2 Nd4 30. Nxd4 Bxd4 31. Nf3 Bf6 32. Qd2 Qxd2 33. Nxd2 Bc3 34.
Nf3 Ke7 35. Kf1 f5 36. Ng5 h4 37. Nf3 Bf6 38. Bd3 Ke6 39. Ke2 g5 40. g3 Bxf3+ 1/2-1/2

[Event "TCh-ESP Div 1 2016"]
[Site "Linares ESP"]
[Date "2016.08.26"]
[Round "7"]
[Board "3"]
[White "Narciso Dublan, Marc"]
[Black "Ibarra Jerez, Jose Carlos"]
[Result "1/2-1/2"]
[WhiteTitle "GM"]
[BlackTitle "GM"]
[WhiteElo "2482"]
[BlackElo "2563"]
[WhiteTeam "ESCOLA D'ESCACS DE BARCELONA"]
[BlackTeam "CAC BENIAJAN - DUOCHESS"]
[WhiteFideId "2201500"]
[BlackFideId "2226332"]
[EventDate "2016.08.20"]

1. d4 Nf6 2. c4 e6 3. Nc3 d5 4. cxd5 exd5 5. Bg5 Be7 6. e3 c6 7. Bd3 Nbd7 8. h3
Nb6 9. Qf3 h6 10. Bf4 Be6 11. Nge2 Bd6 12. O-O-O Qe7 13. g4 O-O-O 14. g5 Ne4 15.
gxh6 g5 16. Nxe4 dxe4 17. Bxd6 Qxd6 18. Qxe4 Rxh6 19. Ng3 Qb4 20. a3 Qb3 21. Be2
Kb8 22. Qd3 Qa2 23. Qb1 Qb3 24. Ne4 Bf5 25. Bd3 Bxe4 26. Bxe4 c5 27. Qc2 Qxc2+
28. Kxc2 cxd4 29. Rxd4 Rxd4 30. exd4 Rh4 31. Kd3 Rf4 32. Rf1 Nc8 33. Ke3 Nd6 34.
Bd3 Rh4 1/2-1/2

[Event "TCh-ESP Div 1 2016"]
[Site "Linares ESP"]
[Date "2016.08.26"]
[Round "7"]
[Board "4"]
[White "Pardo Simon, David"]
[Black "Matnadze, Ana"]
[Result "1-0"]
[WhiteTitle "IM"]
[BlackTitle "IM"]
[WhiteElo "2492"]
[BlackElo "2355"]
[WhiteTeam "CAC BENIAJAN - DUOCHESS"]
[BlackTeam "ESCOLA D'ESCACS DE BARCELONA"]
[WhiteFideId "2296276"]
[BlackFideId "13601377"]
[EventDate "2016.08.20"]

1. e4 c5 2. Nf3 d6 3. d4 cxd4 4. Nxd4 Nf6 5. Nc3 Nc6 6. Bg5 e6 7. Qd2 Qb6 8.
O-O-O Qxd4 9. Qxd4 Nxd4 10. Rxd4 a6 11. Bxf6 gxf6 12. Na4 d5 13. exd5 b5 14. Nc3
Bc5 15. Rd2 f5 16. Bd3 Rg8 17. g3 Ke7 18. Re1 Kf6 19. dxe6 fxe6 20. a4 Bb4 21.
axb5 axb5 22. Rdd1 Rd8 23. Kd2 Ra2 24. Rb1 e5 25. f3 Be6 26. Ke3 Rxb2 27. Rxb2
Bxc3 28. Reb1 Bd4+ 29. Ke2 Bxb2 30. Rxb2 Rc8 31. Kd2 Bd5 32. Be2 Rc5 33. Rb4 Bc6
34. Rh4 Kg7 35. Bd3 Bxf3 36. Bxf5 h6 37. Ke3 Bc6 38. Rg4+ Kf6 39. Bh7 Be8 40.
Rg8 Bf7 41. Rb8 h5 42. Bd3 Bc4 43. Rb6+ Kg7 44. Rg6+ Kf7 45. Rh6 Bxd3 46. cxd3
Kg7 47. Rxh5 b4 48. Rf5 Rc1 49. Rf2 Re1+ 50. Re2 Rb1 51. Ke4 Kf6 52. Kd5 Rd1 53.
Kc4 Kf5 54. Rb2 e4 55. dxe4+ Kxe4 56. Rxb4 Rc1+ 57. Kb3+ Kf5 58. Rc4 Rh1 59. Rh4
Rc1 60. h3 Rg1 61. g4+ Kg6 62. Kc2 Rg3 63. Kd2 Ra3 64. Rh5 Rb3 65. Ke2 Ra3 66.
Kf2 Rb3 67. Kg2 Rb2+ 68. Kg3 Rb3+ 69. Kh4 Rb6 70. Rg5+ Kh6 71. Ra5 Rb4 72. Ra6+
Kg7 73. Kh5 Rb7 74. h4 Rc7 75. g5 Rb7 76. Ra5 Rc7 77. g6 Rb7 78. Kg5 Rb1 79.
Ra7+ Kg8 80. h5 Rb5+ 81. Kh6 Rb8 82. Ra5 Kh8 83. Kg5 Kg8 84. h6 Kh8 85. h7 Kg7
86. Ra7+ Kh8 87. Kh6 1-0

[Event "TCh-ESP Div 1 2016"]
[Site "Linares ESP"]
[Date "2016.08.26"]
[Round "7"]
[Board "1"]
[White "Alsina Leal, Daniel"]
[Black "Adla, Diego"]
[Result "1-0"]
[WhiteTitle "GM"]
[BlackTitle "IM"]
[WhiteElo "2521"]
[BlackElo "2409"]
[WhiteTeam "CLUB D'ESCACS BARBERA"]
[BlackTeam "STADIUM CASABLANCA"]
[WhiteFideId "2252627"]
[BlackFideId "100072"]
[EventDate "2016.08.20"]

1. e4 c5 2. Nf3 Nc6 3. d4 cxd4 4. Nxd4 Nf6 5. Nc3 e5 6. Ndb5 d6 7. Bg5 a6 8. Na3
b5 9. Nd5 Be7 10. Bxf6 Bxf6 11. c4 b4 12. Nc2 O-O 13. Be2 a5 14. O-O Bg5 15. Qd3
Be6 16. Rfd1 Ra7 17. a3 bxa3 18. Nxa3 Rd7 19. Nb5 Bxd5 20. cxd5 Nd4 21. Nxd4
exd4 22. Qb5 Rc7 23. Qxa5 Rc2 24. Qb5 Qf6 25. b4 h5 26. Qd3 Rfc8 27. Ra8 Rxa8
28. Qxc2 h4 29. b5 Qd8 30. Rxd4 Ra1+ 31. Rd1 Qa5 32. Rxa1 Qxa1+ 33. Bf1 Qd4 34.
Qc8+ Kh7 35. Qf5+ Kh6 36. Qxf7 Qc5 37. g3 hxg3 38. hxg3 Bd2 39. e5 dxe5 40. Bd3 1-0

[Event "TCh-ESP Div 1 2016"]
[Site "Linares ESP"]
[Date "2016.08.26"]
[Round "7"]
[Board "2"]
[White "Glavina, Pablo"]
[Black "Alonso Moyano, Jonathan"]
[Result "1/2-1/2"]
[WhiteTitle "IM"]
[BlackTitle "IM"]
[WhiteElo "2378"]
[BlackElo "2406"]
[WhiteTeam "STADIUM CASABLANCA"]
[BlackTeam "CLUB D'ESCACS BARBERA"]
[WhiteFideId "100234"]
[BlackFideId "2216019"]
[EventDate "2016.08.20"]

1. e4 c5 2. c3 Nf6 3. e5 Nd5 4. d4 cxd4 5. Nf3 d6 6. cxd4 Nc6 7. Bc4 Nb6 8. Bb5
d5 9. O-O Bd7 10. Nc3 e6 11. a3 Be7 12. Bd3 O-O 13. Qc2 h6 14. Bf4 f5 15. exf6
Rxf6 16. Ne2 Qf8 17. Ne5 Be8 18. Nxc6 Bxc6 19. Be5 Rc8 20. Bxf6 Qxf6 21. b3 e5
22. dxe5 Qxe5 23. Qc3 d4 24. Qxd4 Qg5 25. Ng3 Bf6 26. Qe3 Qxe3 27. fxe3 Bxa1 28.
Rxa1 Bd5 29. Nf5 Rc3 30. Ne7+ Kf8 31. Nxd5 Rxd3 32. Nxb6 1/2-1/2

[Event "TCh-ESP Div 1 2016"]
[Site "Linares ESP"]
[Date "2016.08.26"]
[Round "7"]
[Board "3"]
[White "Martinez Ramirez, Erik"]
[Black "Villuendas Valero, Adrian"]
[Result "0-1"]
[WhiteTitle "FM"]
[BlackTitle "FM"]
[WhiteElo "2285"]
[BlackElo "2329"]
[WhiteTeam "CLUB D'ESCACS BARBERA"]
[BlackTeam "STADIUM CASABLANCA"]
[WhiteFideId "22202366"]
[BlackFideId "2262460"]
[EventDate "2016.08.20"]

1. e4 e6 2. Nf3 d5 3. Nc3 d4 4. Ne2 c5 5. c3 Nf6 6. cxd4 cxd4 7. Nexd4 Nxe4 8.
Nxe6 Bxe6 9. Qa4+ Nc6 10. Qxe4 Bc5 11. Bc4 O-O 12. O-O Re8 13. d3 h6 14. Bd2 Nd4
15. Nxd4 Bxc4 16. Qg4 Bxd3 17. Bc3 Re4 18. Qg3 Bxd4 19. Rfd1 Bb5 20. Kh1 Qf6 21.
f3 Rf4 0-1

[Event "TCh-ESP Div 1 2016"]
[Site "Linares ESP"]
[Date "2016.08.26"]
[Round "7"]
[Board "4"]
[White "Cortes Lizano, Jesus"]
[Black "Martin Capitan, Feliciano"]
[Result "1-0"]
[WhiteElo "2159"]
[BlackElo "2116"]
[WhiteTeam "STADIUM CASABLANCA"]
[BlackTeam "CLUB D'ESCACS BARBERA"]
[WhiteFideId "2260808"]
[BlackFideId "2223562"]
[EventDate "2016.08.20"]

1. e4 e5 2. Nf3 Nc6 3. Bb5 Bc5 4. Nxe5 Nxe5 5. d4 a6 6. Be2 Qh4 7. dxc5 Nf6 8.
O-O d5 9. cxd6 Be6 10. f4 Neg4 11. h3 O-O-O 12. f5 Bc4 13. Bf4 Bxe2 14. Qxe2
Rhe8 15. dxc7 Rd4 16. Nc3 h5 17. hxg4 hxg4 18. Qf2 Ng8 1-0

[Event "TCh-ESP Div 1 2016"]
[Site "Linares ESP"]
[Date "2016.08.26"]
[Round "7"]
[Board "1"]
[White "Cordova, Emilio"]
[Black "Garcia Castro, Pablo"]
[Result "1-0"]
[WhiteTitle "GM"]
[BlackTitle "IM"]
[WhiteElo "2627"]
[BlackElo "2356"]
[WhiteTeam "OROMANA SCHNEIDER ELECTRIC"]
[BlackTeam "UNIVERSIDAD DE VIGO"]
[WhiteFideId "3801497"]
[BlackFideId "2209365"]
[EventDate "2016.08.20"]

1. Nf3 g6 2. c4 Bg7 3. Nc3 d6 4. d4 Bg4 5. e3 c5 6. Be2 Nc6 7. O-O Nf6 8. h3 Bd7
9. b3 O-O 10. Bb2 cxd4 11. exd4 Rc8 12. d5 Na5 13. Qd2 b6 14. Nd4 e5 15. dxe6
fxe6 16. Rad1 a6 17. Rfe1 b5 18. cxb5 axb5 19. Bxb5 Bxb5 20. Ncxb5 Qb6 21. Rxe6
Nb7 22. b4 Rce8 23. Rde1 Rxe6 24. Rxe6 Nd5 25. a4 Nf4 26. Re7 Be5 27. a5 Qd8 28.
Qd1 1-0

[Event "TCh-ESP Div 1 2016"]
[Site "Linares ESP"]
[Date "2016.08.26"]
[Round "7"]
[Board "2"]
[White "Guerra Bastida, Diego"]
[Black "Fernandez Romero, Ernesto"]
[Result "1/2-1/2"]
[WhiteTitle "IM"]
[BlackTitle "IM"]
[WhiteElo "2322"]
[BlackElo "2477"]
[WhiteTeam "UNIVERSIDAD DE VIGO"]
[BlackTeam "OROMANA SCHNEIDER ELECTRIC"]
[WhiteFideId "2201089"]
[BlackFideId "2214679"]
[EventDate "2016.08.20"]

1. c4 e5 2. Nc3 Nc6 3. Nf3 Nf6 4. a3 g6 5. g3 Bg7 6. Bg2 O-O 7. d3 d6 8. O-O a5
9. Rb1 h6 10. b4 axb4 11. axb4 Be6 12. b5 Ne7 13. Qb3 Nd7 14. Ba3 f5 15. Nd2 Rb8
16. Nd5 Nxd5 17. cxd5 Bf7 18. Rfc1 c5 19. bxc6 bxc6 20. Qc2 c5 21. Rxb8 Qxb8 22.
Nc4 Qc7 23. Qa4 e4 24. dxe4 fxe4 25. Qc6 Qxc6 26. dxc6 Bxc4 27. Rxc4 Ne5 28.
Rxe4 Rc8 29. Ra4 Nxc6 30. Ra6 Nd4 31. Rxd6 Nb5 32. Ra6 Nxa3 33. Rxa3 c4 34. Bd5+
Kh8 35. Ra2 c3 36. Be4 g5 37. Kg2 Bf6 38. Kf3 h5 39. h3 Rc7 40. g4 hxg4+ 41.
Kxg4 Kg7 42. Bd3 Rd7 43. Ra6 Rc7 44. Bc2 Rc4+ 45. e4 Rc7 46. h4 gxh4 47. f4 Rc5
48. Re6 Kf7 49. Bb3 Kg7 50. e5 Bxe5 51. Re7+ Kf6 52. Re6+ Kg7 53. Rxe5 Rxe5 54.
fxe5 Kg6 55. Bc2+ Kf7 56. Bb3+ Kg6 57. Bc2+ Kf7 1/2-1/2

[Event "TCh-ESP Div 1 2016"]
[Site "Linares ESP"]
[Date "2016.08.26"]
[Round "7"]
[Board "3"]
[White "Barrero Garcia, Carlos"]
[Black "Rodriguez Lopez, Rafael"]
[Result "0-1"]
[WhiteTitle "IM"]
[BlackTitle "IM"]
[WhiteElo "2355"]
[BlackElo "2270"]
[WhiteTeam "OROMANA SCHNEIDER ELECTRIC"]
[BlackTeam "UNIVERSIDAD DE VIGO"]
[WhiteFideId "2219522"]
[BlackFideId "2204495"]
[EventDate "2016.08.20"]

1. Nf3 Nf6 2. g3 d5 3. Bg2 c6 4. O-O Bf5 5. b3 e6 6. Bb2 Be7 7. d3 h6 8. Nbd2
O-O 9. c4 Nbd7 10. a3 a5 11. Rc1 Bh7 12. Rc2 Re8 13. Qa1 Bf8 14. Ne5 Nxe5 15.
Bxe5 Nd7 16. Bb2 Qe7 17. Rfc1 Nb6 18. Bf3 dxc4 19. Nxc4 Nd5 20. e4 Nc7 21. Rd2
Red8 22. Bc3 a4 23. Nb6 Ra6 24. Bb4 Qe8 25. Nxa4 Bxb4 26. axb4 b5 27. Qe5 bxa4
28. Qxc7 axb3 29. Qe5 Ra2 30. Rxa2 bxa2 31. Qc3 Qd7 32. Be2 Qa7 33. Ra1 Qa6 34.
Kf1 Bg6 35. Ke1 Rb8 36. Bd1 c5 37. b5 Rxb5 38. Bc2 Rb8 39. Kd2 Rd8 40. Kc1 Qa7
41. Bb3 Qa3+ 42. Kc2 c4 43. Bxc4 Qa7 44. Rxa2 Qxf2+ 45. Kb1 Qg1+ 46. Qc1 Rb8+
47. Rb2 Rxb2+ 48. Kxb2 Qxh2+ 49. Kc3 Qxg3 50. Qa3 Bxe4 51. Kd4 0-1

[Event "TCh-ESP Div 1 2016"]
[Site "Linares ESP"]
[Date "2016.08.26"]
[Round "7"]
[Board "4"]
[White "Padeiro, Jose"]
[Black "Manzano Orta, Jose Maria"]
[Result "1/2-1/2"]
[WhiteTitle "FM"]
[WhiteElo "2285"]
[BlackElo "2248"]
[WhiteTeam "UNIVERSIDAD DE VIGO"]
[BlackTeam "OROMANA SCHNEIDER ELECTRIC"]
[WhiteFideId "1901311"]
[BlackFideId "2250748"]
[EventDate "2016.08.20"]

1. d4 c5 2. d5 d6 3. e4 Nf6 4. Nc3 g6 5. h3 Bg7 6. Nf3 O-O 7. Bf4 Na6 8. Be2 Nc7
9. a4 b6 10. O-O Nd7 11. Re1 Rb8 12. Qd2 a6 13. Bh6 f6 14. Be3 Ne5 15. Nh2 Nf7
16. f4 f5 17. exf5 Bxf5 18. Bf2 e5 19. dxe6 Bxe6 20. Bxa6 Qd7 21. Be2 d5 22. Bg4
Bxg4 23. Nxg4 d4 24. Ne4 Nd6 25. Ne5 Bxe5 26. fxe5 Nxe4 27. Rxe4 Qd5 28. Rae1
Ne6 29. Bh4 Ra8 30. Bf6 Rxa4 31. Rg4 Ra7 32. Qh6 Ng7 33. h4 Qe6 34. Ree4 Qf5 35.
Rgf4 Qh5 36. Bxg7 Rxg7 37. Rxf8+ Kxf8 38. Rf4+ Kg8 39. Qxh5 gxh5 40. Rf5 Rg4 41.
Rxh5 Re4 42. Kf2 c4 43. Rh6 Rxe5 44. Rxb6 d3 45. cxd3 cxd3 46. Rd6 Rb5 47. Rxd3
Rxb2+ 48. Kf3 Kg7 49. g4 Rb4 50. Kg3 h6 51. Re3 Ra4 52. Kf3 h5 53. gxh5 Rxh4 1/2-1/2